Άνθη στο χρόνο : λογοτεχνικές, δημιουργίες, σκέψεις

Αποθηκεύτηκε σε:
Λεπτομέρειες βιβλιογραφικής εγγραφής
Κύριος συγγραφέας: Ηλιάδη, Βάσω Κ.
Μορφή: Βιβλίο
Γλώσσα:Greek
Δημοσίευση: Τρίκαλα : Τύποις, 2006
Θέματα:
Ετικέτες: Προσθήκη ετικέτας
Δεν υπάρχουν, Καταχωρήστε ετικέτα πρώτοι!

MARC

LEADER 00000cam a2200000 i 4500
001 1/45730
008 070607s2006 gre d
020 |a 960-88210-3-7 
035 |l 10088195 
040 |a GR-MY-UA  |b gre  |e aacr 
041 0 |a gre 
082 0 |a 808.39  |2 (22) 
100 1 |a Ηλιάδη, Βάσω Κ. 
245 1 0 |a Άνθη στο χρόνο :  |b λογοτεχνικές, δημιουργίες, σκέψεις /  |c Βάσω Κ. Ηλιάδη 
260 |a Τρίκαλα :   |b Τύποις,   |c 2006 
300 |a 231 σ.;  |c 24 εκ. 
650 0 0 |a Fiction. 
852 |a INST  |b RHODES  |e 20070607  |h 808.39 ΗΛΙ  |p 005400026460  |q 005400026460  |t BK  |y 0 
901 |a BIBL4-2007-2 
909 |a Ρ  |b 127961 
970 |a ΜΙΣΣΟΣ  |b ΣΤΑΥΡΟΣ  |z 2007/06/07